[Event "Moscow Open A 2015"]
[Site "Moscow RUS"]
[Date "2015.02.03"]
[Round "4.97"]
[White "Oganisian, Roman"]
[Black "Goltsev, Dmitry"]
[Result "1-0"]
[WhiteTitle "FM"]
[WhiteElo "2304"]
[BlackElo "2111"]
[WhiteFideId "4153006"]
[BlackFideId "24176710"]
[EventDate "2015.01.31"]

1. e4 Nf6 2. Nc3 d6 3. f4 Nbd7 4. Nf3 e5 5. Bc4 h6 6. O-O c6 7. d4 exd4 8. Nxd4
Nb6 9. Bd3 Be7 10. Kh1 O-O 11. e5 dxe5 12. fxe5 Nfd5 13. Qh5 Bg5 14. e6 Bxe6 15.
Nxe6 fxe6 16. Rxf8+ Kxf8 17. Ne4 Nf6 18. Qf3 Bxc1 19. Rxc1 Nd7 20. Rf1 Kg8 21.
Bc4 Qe7 22. Nxf6+ Nxf6 23. Re1 Qb4 24. Qe2 Qxb2 25. Qxe6+ Kh8 26. Bd3 Qb4 27.
Rf1 Re8 28. Qf5 Qg4 29. Qa5 Qd4 30. Qc7 Qe5 31. Qf7 Qe7 32. Qg6 Rf8 33. h3 Kg8
34. a4 Qf7 35. Qf5 Qd5 36. Qg6 Qg5 37. Qxg5 hxg5 38. Rf5 Nd5 39. Rxg5 Rf4 40. a5
Ra4 41. Kh2 Rxa5 42. c4 Ra3 43. Rg3 Nb6 44. c5 Ra4 45. cxb6 axb6 46. Bg6 b5 47.
Rd3 Ra8 48. Rd7 Rb8 49. Rc7 b4 50. Kg3 Kf8 51. Kf4 b3 52. h4 b2 53. h5 Kg8 54.
Kg5 Kf8 55. h6 gxh6+ 56. Kxh6 b5 57. Kh7 Rd8 58. Rf7+ Ke8 59. Rg7+ Kf8 60. Rg8+
Ke7 61. Rxd8 Kxd8 62. g4 b4 63. g5 c5 64. Bb1 c4 65. g6 1-0

[Event "Moscow Open A 2015"]
[Site "Moscow RUS"]
[Date "2015.02.03"]
[Round "4.98"]
[White "Mezentsev, Ivan"]
[Black "Geivondian, Arman"]
[Result "0-1"]
[WhiteElo "2078"]
[BlackElo "2304"]
[WhiteFideId "13706195"]
[BlackFideId "24102032"]
[EventDate "2015.01.31"]

1. e4 e6 2. d3 d5 3. Nd2 Nf6 4. g3 dxe4 5. dxe4 e5 6. Ngf3 Nbd7 7. Bg2 b6 8. O-O
Bb7 9. Re1 Bc5 10. h3 a5 11. c3 O-O 12. Qc2 Re8 13. a4 Qe7 14. Nh4 Qe6 15. Nf1
Bf8 16. g4 Nc5 17. Ng3 Qb3 18. Qxb3 Nxb3 19. Ra2 Bc8 20. g5 Nd7 21. Be3 Ndc5 22.
Bf1 Be6 23. c4 Rad8 24. f4 exf4 25. Bxf4 Nd3 26. Bxd3 Rxd3 27. Bxc7 Bc5+ 28. Kg2
Bxc4 29. Bf4 Bb4 30. Rg1 Bc5 31. Rh1 Red8 32. Nhf5 g6 33. Nh6+ Kf8 34. Ng4 Rd2+
35. Bxd2 Rxd2+ 36. Kf3 Nd4+ 37. Ke3 Rd3+ 0-1

[Event "Moscow Open A 2015"]
[Site "Moscow RUS"]
[Date "2015.02.03"]
[Round "4.99"]
[White "Rakhimgaliyev, Yerlan"]
[Black "Aliyev, Ravan"]
[Result "1/2-1/2"]
[WhiteTitle "FM"]
[WhiteElo "2302"]
[BlackElo "2070"]
[WhiteFideId "13705148"]
[BlackFideId "13409980"]
[EventDate "2015.01.31"]

1. e4 d6 2. d4 g6 3. Nc3 Bg7 4. Be3 c6 5. Qd2 Nd7 6. h4 h5 7. O-O-O b5 8. Nf3
Qa5 9. e5 b4 10. Nb1 dxe5 11. Bc4 Nb6 12. Bb3 Bg4 13. Ng5 Nh6 14. f3 Bf5 15. a3
Nd5 16. Bxd5 Qxd5 17. Qxb4 O-O 18. Nc3 Qd6 19. d5 Qxb4 20. axb4 Rfc8 21. Nge4
Bxe4 22. fxe4 Ng4 23. Bc5 cxd5 24. Rxd5 e6 25. Rd7 a5 26. Kb1 axb4 27. Bxb4 Rab8
28. Bd6 Rb6 29. Bc7 Rb4 30. Rhd1 Bf6 31. g3 Rc4 32. Bd6 Bg7 33. Rf1 f5 34. Re7
Bf8 35. Rxe6 Kf7 36. exf5 gxf5 37. Rxe5 Nxe5 38. Bxe5 Kg6 39. Nd5 Rxc2 40. Bc3
Rh2 41. Re1 Rc6 42. Re8 Kf7 43. Re5 Bd6 44. Rxf5+ Ke6 45. Rg5 Rc5 46. Nf4+ Kd7
47. Rxc5 Bxc5 48. Nxh5 Bd6 49. Nf6+ Ke6 50. Ne4 Be5 51. Ng5+ Kd5 52. Bxe5 Rh1+
53. Kc2 Kxe5 54. b4 Kd4 55. b5 Rh2+ 56. Kb3 Kc5 57. Kc3 Rg2 58. Ne4+ Kd5 59. Kd3
Ke5 60. b6 Rb2 61. Nd2 Kd5 62. Ke3 Rxb6 63. Kf4 Ke6 64. Kg5 Kf7 65. Ne4 Rb5+ 66.
Kh6 Rb4 67. Nf2 Rb2 68. Nh3 Rg2 69. Ng5+ Kf6 70. Kh5 Kf5 71. Nf3 Rxg3 72. Nd4+
Kf6 73. Ne2 Rg8 74. Nd4 Ke5 75. Nc6+ Kf4 76. Ne7 Rh8+ 77. Kg6 Rxh4 78. Nd5+ Ke5
79. Nf6 Rf4 80. Ne8 1/2-1/2

[Event "Moscow Open A 2015"]
[Site "Moscow RUS"]
[Date "2015.02.03"]
[Round "4.100"]
[White "Glukhov, Alexander"]
[Black "Nazarov, Rustem"]
[Result "1/2-1/2"]
[WhiteElo "2296"]
[BlackElo "2059"]
[WhiteFideId "4178882"]
[BlackFideId "14002280"]
[EventDate "2015.01.31"]

1. e4 c5 2. Nf3 d6 3. Bb5+ Bd7 4. Bxd7+ Qxd7 5. O-O Nc6 6. c3 Nf6 7. Qe2 e6 8.
d4 cxd4 9. cxd4 Be7 10. Nc3 O-O 11. d5 exd5 12. exd5 Nb4 13. Rd1 Rfe8 14. a3 Na6
15. Be3 Ng4 16. Bd4 Nc5 17. Qb5 Qxb5 18. Nxb5 Rec8 19. h3 Nh6 20. Re1 Nf5 21.
Bc3 a6 22. g4 axb5 23. gxf5 Bf6 24. Bxf6 gxf6 25. Nd4 Nd3 26. Re3 Nxb2 27. Nxb5
Nc4 28. Rc3 Ra5 29. Rb1 Rc5 30. a4 b6 31. Rb4 Ne5 32. Rg3+ Kf8 33. Nxd6 Rxd5 34.
Rxb6 Nd7 35. Rb5 Rd1+ 36. Kg2 Rxa4 37. Nb7 Raa1 38. Nc5 Ne5 39. Rb8+ Ke7 40.
Rb7+ Kd6 41. Ne4+ Kc6 42. Rgb3 Rg1+ 43. Kh2 Nf3+ 44. Rxf3 Kxb7 45. Nxf6 h6 46.
Rg3 Rxg3 47. Kxg3 Rg1+ 48. Kf4 Kc7 49. Ng4 h5 50. Nf6 h4 51. Ng4 1/2-1/2

[Event "Moscow Open A 2015"]
[Site "Moscow RUS"]
[Date "2015.02.03"]
[Round "4.102"]
[White "Taalaibekov, Tagir"]
[Black "Drygalov, Sergey"]
[Result "0-1"]
[WhiteElo "2037"]
[BlackElo "2269"]
[WhiteFideId "13801163"]
[BlackFideId "24171743"]
[EventDate "2015.01.31"]

1. d4 Nf6 2. Nf3 e6 3. c4 Bb4+ 4. Bd2 a5 5. a3 Bxd2+ 6. Nbxd2 d6 7. e4 Nbd7 8.
Qc2 e5 9. c5 exd4 10. cxd6 cxd6 11. Nxd4 O-O 12. Be2 Nc5 13. O-O Re8 14. Bf3 a4
15. Rad1 Bg4 16. Bxg4 Nxg4 17. Nf5 g6 18. Ng3 b5 19. Nb1 Qh4 20. h3 Ne3 21. fxe3
Qxg3 22. Rf3 Qe5 23. Nc3 Rac8 24. Rd5 Qe6 25. Qf2 Nxe4 26. Nxe4 Qxe4 27. Rxb5
Rc2 28. Qg3 Re5 29. Rb4 Qd5 30. Rd4 Qb5 31. Rxd6 Rg5 32. Rd8+ Kg7 0-1

[Event "Moscow Open A 2015"]
[Site "Moscow RUS"]
[Date "2015.02.03"]
[Round "4.103"]
[White "Naghdiyev, Niyazi"]
[Black "Mischeryakov, Alexey"]
[Result "1-0"]
[WhiteElo "2266"]
[BlackElo "1911"]
[WhiteFideId "13405519"]
[BlackFideId "34156434"]
[EventDate "2015.01.31"]

1. d4 Nf6 2. c4 g6 3. g3 Bg7 4. Bg2 d6 5. Nf3 O-O 6. O-O Nc6 7. Nc3 a6 8. d5 Na5
9. b3 c5 10. dxc6 Nxc6 11. Bb2 Rb8 12. Rc1 Bf5 13. Nd4 Nxd4 14. Qxd4 Ne4 15. Qe3
Nxc3 16. Bxc3 Bxc3 17. Qxc3 b6 18. Rfd1 Qc7 19. Qe3 Rfe8 20. Rd4 Qc5 21. Rcd1
Qe5 22. Qxe5 dxe5 23. R4d2 Rec8 24. Rc1 Rc7 25. Kf1 Rbc8 26. Ke1 b5 27. e4 Be6
28. Bf1 bxc4 29. Bxc4 Bxc4 30. Rdc2 Kf8 31. Rxc4 Rxc4 32. Rxc4 Rxc4 33. bxc4 Ke8
34. Kd2 Kd7 35. Kc3 Kc6 36. Kb4 Kb6 37. c5+ Kc6 38. Ka5 Kxc5 39. Kxa6 Kc6 40. g4
e6 41. g5 1-0

[Event "Moscow Open A 2015"]
[Site "Moscow RUS"]
[Date "2015.02.03"]
[Round "4.104"]
[White "Aliyev, Rasim"]
[Black "Abelyan, Murad"]
[Result "1-0"]
[WhiteElo "2257"]
[BlackElo "1712"]
[WhiteFideId "13401084"]
[BlackFideId "346489"]
[EventDate "2015.01.31"]

1. e4 c5 2. c3 Nf6 3. e5 Nd5 4. d4 cxd4 5. Nf3 d6 6. cxd4 Nc6 7. Bc4 Nb6 8. Bb5
Bg4 9. h3 Be6 10. Nc3 Nd5 11. O-O g6 12. Ng5 Bg7 13. Nxe6 fxe6 14. exd6 Nxc3 15.
bxc3 Qxd6 16. a4 O-O 17. Ba3 Qc7 18. Qe2 e5 19. d5 Na5 20. Rad1 Rad8 21. Qe4 Rf6
22. Be2 b6 23. Qb4 Qd6 24. Qb2 Qc7 25. Bg4 Nc4 26. Qb3 Nxa3 27. d6+ Qc4 28. dxe7
Re8 29. Qxa3 Kf7 30. Rd7 Qc5 31. Qb3+ 1-0

[Event "Moscow Open A 2015"]
[Site "Moscow RUS"]
[Date "2015.02.03"]
[Round "4.105"]
[White "Gurvich, Vitaly"]
[Black "Golubev, Roman"]
[Result "0-1"]
[BlackTitle "FM"]
[WhiteElo "2216"]
[BlackElo "2348"]
[WhiteFideId "24164852"]
[BlackFideId "14202344"]
[EventDate "2015.01.31"]

1. c4 g6 2. Nc3 c5 3. g3 Nc6 4. Bg2 Bg7 5. Nf3 d6 6. O-O Bf5 7. d3 Qd7 8. Re1
Bh3 9. Bh1 h6 10. Bd2 e6 11. a3 Nge7 12. Rb1 O-O 13. b4 Rac8 14. Qc1 cxb4 15.
axb4 Kh7 16. Qa3 d5 17. c5 Bg4 18. b5 Nd8 19. Qxa7 e5 20. Na4 e4 21. Nb6 Qf5 22.
Nh4 Qh5 23. Nxc8 Nxc8 24. Qa4 g5 25. Ng2 Bxe2 26. dxe4 d4 27. f4 Ne6 28. e5 Bd3
29. Rbc1 Ne7 30. Qb3 Qg6 31. c6 bxc6 32. bxc6 Rc8 33. Qb6 Nd5 34. Qa5 Ndc7 35.
fxg5 hxg5 36. Ra1 Ra8 37. Qb4 Rxa1 38. Rxa1 Qf5 39. Qb3 Bxe5 40. Qd1 Kg7 41. Qe1
f6 42. Rc1 Nb5 43. Bb4 Nc3 44. Bxc3 dxc3 45. Ne3 Bd4 46. Bg2 Qc5 47. Kh1 Nc7 48.
Nc2 Be5 49. Qd1 Bf5 50. Qf3 Bg6 51. Ne3 Bd4 52. Nd5 Nb5 53. c7 c2 54. Qe2 Na7
55. Ne7 Bh7 56. Nc6 Be3 57. Rxc2 Bxc2 58. Qf3 Be4 0-1

[Event "Moscow Open A 2015"]
[Site "Moscow RUS"]
[Date "2015.02.03"]
[Round "4.106"]
[White "Tutisani, Noe"]
[Black "Terekhov, Konstantin"]
[Result "1-0"]
[WhiteElo "2308"]
[BlackElo "2178"]
[WhiteFideId "13602853"]
[BlackFideId "4115856"]
[EventDate "2015.01.31"]

1. e4 c6 2. d4 d5 3. Nd2 dxe4 4. Nxe4 Bf5 5. Ng3 Bg6 6. h4 h6 7. h5 Bh7 8. Nf3
Nd7 9. Bd3 Bxd3 10. Qxd3 Qc7 11. Bd2 Ngf6 12. O-O-O e6 13. Ne4 Nxe4 14. Qxe4 Nf6
15. Qe2 O-O-O 16. g3 c5 17. Bf4 Bd6 18. Bxd6 Rxd6 19. dxc5 Rxd1+ 20. Rxd1 Qxc5
21. Ne5 Qc7 22. Rd4 Kb8 23. Rc4 Qe7 24. Qe3 Nd5 25. Qc5 Re8 26. Qb5 Nb6 27. Rd4
Kc8 28. a4 Rd8 29. Rxd8+ Kxd8 30. a5 Nd5 31. a6 Nb6 32. Qxb6+ axb6 33. a7 Qg5+
34. f4 Qxg3 35. a8=Q+ Kc7 36. Nd3 Qh4 37. Kd2 Qh2+ 38. Kc3 Qxh5 39. Qe8 Qa5+ 40.
b4 Qa1+ 41. Kb3 Qf6 42. Qh8 Qa1 43. Qf8 Qf6 44. Ne5 Qxf4 45. Qxg7 Kd6 46. Nxf7+
Kd5 47. Qg2+ Kd4 48. c3+ Kd3 49. Qc2+ Ke3 50. Nxh6 e5 51. Nf5+ Kf3 52. Qd3+ Kf2
53. Nd6 Qe3 54. Qxe3+ Kxe3 55. Nc4+ Kf4 56. Nxb6 e4 57. Nd5+ Ke5 58. Kc4 b5+ 59.
Kc5 Ke6 60. Nc7+ Ke5 61. Nxb5 e3 62. Nd4 1-0

[Event "Moscow Open A 2015"]
[Site "Moscow RUS"]
[Date "2015.02.03"]
[Round "4.107"]
[White "Maksimov, Dmitri"]
[Black "Askerov, Marat"]
[Result "0-1"]
[WhiteElo "2204"]
[BlackElo "2283"]
[WhiteFideId "24162477"]
[BlackFideId "24175200"]
[EventDate "2015.01.31"]

1. e4 c6 2. d4 d5 3. e5 Bf5 4. Nf3 e6 5. a3 c5 6. c4 Nc6 7. cxd5 exd5 8. Nc3 Bg4
9. dxc5 Bxc5 10. Nxd5 Nge7 11. Be3 Bxe3 12. Nxe3 Bxf3 13. gxf3 Qa5+ 14. Qd2 Qxe5
15. O-O-O O-O 16. Nc4 Qh5 17. Be2 Rfd8 18. Qf4 b5 19. Nd6 Nd5 20. Qe4 Qh6+ 21.
Kb1 Qxd6 22. Bxb5 Nce7 23. Rhe1 Rab8 24. Qa4 a6 0-1

[Event "Moscow Open A 2015"]
[Site "Moscow RUS"]
[Date "2015.02.03"]
[Round "4.108"]
[White "Kovalev, Egor"]
[Black "Romanov, Stanislav"]
[Result "1/2-1/2"]
[WhiteElo "2249"]
[BlackElo "2107"]
[WhiteFideId "24124117"]
[BlackFideId "4116895"]
[EventDate "2015.01.31"]

1. d4 d5 2. Bg5 c6 3. e3 Qb6 4. Qc1 Bf5 5. Nf3 Nd7 6. Be2 Ngf6 7. O-O e6 8. c4
dxc4 9. Nbd2 Be7 10. Nxc4 Qd8 11. Nfe5 O-O 12. f3 Nxe5 13. dxe5 Nd7 14. Bxe7
Qxe7 15. Qc3 Rfd8 16. Rad1 Bg6 17. Rd6 b5 18. Na5 Nxe5 19. Rxd8+ Qxd8 20. Nxc6
Nxc6 21. Qxc6 Rb8 22. Rd1 Qf6 23. Qc7 Rf8 24. Rd2 a6 25. Qd6 Qh4 26. g3 Qa4 27.
Qa3 Qxa3 28. bxa3 Ra8 29. e4 Kf8 30. Rd6 Ke7 31. Rb6 Kd7 32. a4 bxa4 33. Rb4 Kc6
34. Rxa4 a5 35. f4 Kb6 36. Kf2 Rc8 37. Ke3 f6 38. Ra3 Rc2 39. Rb3+ Kc7 40. Ra3
Kb6 41. Rb3+ 1/2-1/2

[Event "Moscow Open A 2015"]
[Site "Moscow RUS"]
[Date "2015.02.03"]
[Round "4.109"]
[White "Nuzhdin, Andrey"]
[Black "Kuprijanov, Anatoly"]
[Result "0-1"]
[WhiteElo "2183"]
[BlackElo "2248"]
[WhiteFideId "24130362"]
[BlackFideId "24141143"]
[EventDate "2015.01.31"]

1. d4 Nf6 2. Nf3 e6 3. Bg5 c5 4. e3 Qb6 5. b3 Ne4 6. c3 Nxg5 7. Nxg5 Be7 8. h4
h6 9. Nf3 Nc6 10. Bd3 cxd4 11. exd4 Qc7 12. Nbd2 d5 13. Qe2 Bd7 14. b4 Nb8 15.
O-O Qxc3 16. Rfc1 Qxb4 17. Rab1 Qa3 18. Ne5 O-O 19. Rc7 Bd6 20. Rb3 Qxb3 21.
Nxb3 Bxc7 22. Ng4 Rc8 23. Bb1 Bd6 24. Qd3 f5 25. Ne5 Ba4 26. g4 Bxb3 27. axb3
Na6 28. gxf5 Rc1+ 29. Kg2 Nb4 30. Qg3 Bxe5 31. dxe5 Kh8 32. f6 Rg8 33. f7 Rf8
34. Qg6 Rxb1 35. Qxb1 Rxf7 36. Qa1 Nc6 37. Kg3 Rf5 38. f4 g5 39. hxg5 hxg5 40.
fxg5 Rxg5+ 41. Kh4 Rxe5 42. b4 d4 43. Qf1 Kg7 44. b5 Ne7 45. Kh3 Rh5+ 46. Kg4
Rd5 47. Qa1 e5 48. Qa3 Kf7 49. Qh3 d3 50. Qh7+ Ke8 51. Kg5 d2 52. Kf6 Rd6+ 53.
Kxe5 d1=Q 54. Qh8+ Kd7 55. Qh3+ Kc7 56. b6+ axb6 57. Qc3+ Nc6+ 0-1

[Event "Moscow Open A 2015"]
[Site "Moscow RUS"]
[Date "2015.02.03"]
[Round "4.110"]
[White "Tukubayev, K"]
[Black "Ivlev, Aleksey"]
[Result "0-1"]
[WhiteElo "2157"]
[BlackElo "2231"]
[WhiteFideId "13708147"]
[BlackFideId "24185949"]
[EventDate "2015.01.31"]

1. e4 e5 2. Nf3 Nc6 3. d3 Nf6 4. g3 d5 5. Nbd2 Bc5 6. Bg2 dxe4 7. dxe4 O-O 8.
O-O Bg4 9. h3 Bh5 10. c3 Qd3 11. Re1 Rfe8 12. Bf1 Qd7 13. Qc2 a5 14. a4 Rad8 15.
Nh4 Ba7 16. Kg2 Kh8 17. Bb5 Ng8 18. Nc4 Bd1 19. Qb1 Qe6 20. Be3 Bxe3 21. Nxe3
Bb3 22. Ra3 Rf8 23. Rc1 Na7 24. Bf1 b5 25. axb5 a4 26. c4 Qb6 27. Nf3 Qc5 28.
Nd5 c6 29. bxc6 Nxc6 30. Be2 f6 31. Qd3 Nb4 32. Qd2 Nc6 33. Bd1 f5 34. Bxb3 axb3
35. Rxb3 fxe4 36. Ng5 Nd4 37. Ra3 Nf6 38. Re3 Nxd5 39. cxd5 Qxd5 40. Qb4 Nf5 41.
Rxe4 h6 42. Rc5 Ne3+ 43. fxe3 Qd1 0-1

[Event "Moscow Open A 2015"]
[Site "Moscow RUS"]
[Date "2015.02.03"]
[Round "4.111"]
[White "Zhuk, Valeriy"]
[Black "Tleptsok, Ruslan"]
[Result "1/2-1/2"]
[WhiteElo "2150"]
[BlackElo "2226"]
[WhiteFideId "24151254"]
[BlackFideId "24104485"]
[EventDate "2015.01.31"]

1. Nf3 Nf6 2. c4 c6 3. g3 d5 4. Bg2 Nbd7 5. d4 e6 6. O-O Bd6 7. b3 O-O 8. Nbd2
e5 9. dxe5 Nxe5 10. cxd5 Nxd5 11. Bb2 Nxf3+ 12. Nxf3 Be7 13. e4 Nb4 14. Ne5 Bf6
15. Qe2 Qc7 16. f4 a5 17. a3 Na6 18. Qe3 Be6 19. Rac1 Qe7 20. Nxc6 bxc6 21. e5
Bd5 22. Bxd5 cxd5 23. Qd4 Bxe5 24. Qxe5 Qxe5 25. Bxe5 f6 26. Bd4 Rab8 27. Rc6
Ra8 28. Re1 Rfc8 29. Rec1 Re8 30. Rb6 Re4 31. Bf2 a4 32. Rcc6 axb3 33. Rxa6 Rxa6
34. Rxa6 Rb4 35. Bd4 Rxd4 36. Rb6 Rd3 37. a4 Rd4 38. a5 Kf7 39. f5 Ra4 40. Rxb3
Rxa5 41. Rb7+ Kf8 42. Rd7 h5 43. Kg2 Kg8 44. Kh3 Kh7 45. Kh4 Kh6 46. h3 g5+ 47.
fxg6 Kxg6 48. g4 hxg4 49. hxg4 Rb5 50. Kg3 Rb3+ 51. Kf4 Rb4+ 52. Kf3 Rd4 53. Ke3
Re4+ 54. Kf3 Rd4 55. Ke3 Rd1 56. Ke2 Rd4 57. Ke3 Rxg4 58. Rxd5 Ra4 59. Kf3 Rb4
60. Ra5 Rh4 61. Kg3 Rh1 62. Rc5 Rg1+ 63. Kf2 Rg5 64. Rxg5+ Kxg5 65. Kg3 Kf5 66.
Kf3 Ke5 67. Ke3 f5 68. Kf3 f4 69. Kf2 Kf5 70. Kf3 1/2-1/2

[Event "Moscow Open A 2015"]
[Site "Moscow RUS"]
[Date "2015.02.03"]
[Round "4.112"]
[White "Klukin, Kirill"]
[Black "Safonov, Nikita"]
[Result "1-0"]
[WhiteElo "2225"]
[BlackElo "2080"]
[WhiteFideId "24199273"]
[BlackFideId "24153281"]
[EventDate "2015.01.31"]

1. d4 Nf6 2. Nf3 g6 3. c4 Bg7 4. Nc3 O-O 5. e4 d6 6. Be2 e5 7. O-O exd4 8. Nxd4
Re8 9. f3 Nc6 10. Nc2 Nh5 11. g4 Be5 12. Rf2 Nf4 13. Bf1 a5 14. Be3 b6 15. Qd2
g5 16. Rb1 Be6 17. Nd5 Bxd5 18. cxd5 Nb4 19. Nd4 Nxa2 20. h4 f6 21. Ne6 Rxe6 22.
dxe6 Nb4 23. Bc4 Qe7 24. hxg5 fxg5 25. Rh2 Kg7 26. Rh1 h6 27. Kf2 Rf8 28. Bxf4
Bxf4 29. Qe2 Nc6 30. Rh3 Rf6 31. Rd1 Ne5 32. Ba2 c5 33. Qb5 Qc7 34. e7 Qxe7 35.
Bd5 Qd8 36. Rdh1 Qe7 37. Ke2 Qd8 38. b3 Nd7 39. Qc6 Qe7 40. Qb7 Be5 41. Kd1 Bf4
42. Ke2 Be5 43. Kf1 Bf4 44. Kg2 Be5 45. Bc4 Bf4 46. Kf2 Be5 47. Kf1 Bf4 48. Kg2
Be5 49. Qd5 Qf8 50. Bb5 Qe7 51. Qb7 Rf7 52. Rxh6 Nf6 53. Qc8 Rf8 54. Qf5 Rg8 55.
Rh7+ 1-0

[Event "Moscow Open A 2015"]
[Site "Moscow RUS"]
[Date "2015.02.03"]
[Round "4.113"]
[White "Shapfiullin, Ildar"]
[Black "Bulavin, Alexander"]
[Result "0-1"]
[WhiteElo "2093"]
[BlackElo "2221"]
[WhiteFideId "4147146"]
[BlackFideId "4178033"]
[EventDate "2015.01.31"]

1. d4 Nf6 2. Nf3 g6 3. Bf4 Bg7 4. e3 d6 5. h3 O-O 6. Nbd2 Nbd7 7. Be2 b6 8. O-O
Bb7 9. c4 c5 10. Bh2 cxd4 11. exd4 d5 12. Qb3 dxc4 13. Bxc4 e6 14. Rfd1 Bd5 15.
Rac1 Bh6 16. Rc3 a6 17. Bc7 Qe7 18. Re1 Rfe8 19. a4 Ra7 20. Bg3 Qd8 21. Qc2 Qa8
22. Bf1 Bf8 23. Rc1 Ne4 24. Rc8 Rxc8 25. Qxc8 Nxg3 26. fxg3 Qxc8 27. Rxc8 Kg7
28. Ne5 Nxe5 29. dxe5 Bc5+ 30. Kh2 Bd4 31. Bc4 Ba8 32. Nf3 Bxb2 33. Rb8 Bb7 34.
h4 h6 35. Kh3 a5 36. g4 Bxf3 37. gxf3 Bxe5 38. Rxb6 Rc7 39. Bf1 Rc2 40. Bg2 Ra2
41. Rb5 Bc3 42. f4 Rxa4 43. f5 exf5 44. gxf5 Be1 45. Bd5 Rxh4+ 46. Kg2 Rf4 47.
fxg6 fxg6 48. Rb7+ Kf6 49. Bg8 h5 50. Bh7 0-1

[Event "Moscow Open A 2015"]
[Site "Moscow RUS"]
[Date "2015.02.03"]
[Round "4.114"]
[White "Proleiko, Julian"]
[Black "Zenin, Dmitri"]
[Result "0-1"]
[WhiteElo "1981"]
[BlackElo "2381"]
[WhiteFideId "30900255"]
[BlackFideId "4127897"]
[EventDate "2015.01.31"]

1. e4 e5 2. Nf3 Nc6 3. Bc4 Bc5 4. c3 Nf6 5. d3 a6 6. O-O Ba7 7. Bb3 O-O 8. Re1
d6 9. Nbd2 Ng4 10. Re2 Kh8 11. h3 Nh6 12. Nf1 f5 13. Bxh6 gxh6 14. d4 fxe4 15.
Rxe4 exd4 16. Qd2 Qf6 17. cxd4 Qg7 18. Kh2 Bd7 19. Ng3 Rae8 20. Rxe8 Bxe8 21. d5
Nd4 22. Nxd4 Bxd4 23. Re1 Bxf2 24. Qxf2 Rxf2 25. Rxe8+ Rf8 26. Re6 Rg8 0-1

[Event "Moscow Open A 2015"]
[Site "Moscow RUS"]
[Date "2015.02.03"]
[Round "4.115"]
[White "Kruzhilin, Aleksey"]
[Black "Aslanov, Sergei"]
[Result "0-1"]
[WhiteElo "2141"]
[BlackElo "2273"]
[WhiteFideId "24177547"]
[BlackFideId "4180828"]
[EventDate "2015.01.31"]

1. d4 Nf6 2. c4 c5 3. d5 b5 4. cxb5 a6 5. bxa6 g6 6. Nc3 Bxa6 7. g3 d6 8. Bg2
Bg7 9. Nf3 Nbd7 10. O-O Nb6 11. Re1 O-O 12. e4 Nfd7 13. Qc2 Nc4 14. Bg5 h6 15.
Bf4 g5 16. Bc1 Qa5 17. a4 Rfb8 18. Ra2 Nxb2 19. e5 Nd3 20. Re4 Nb4 21. Rxb4 cxb4
22. e6 fxe6 23. dxe6 b3 24. Qg6 bxa2 25. Qf7+ Kh8 26. Nxa2 Ne5 0-1

[Event "Moscow Open A 2015"]
[Site "Moscow RUS"]
[Date "2015.02.03"]
[Round "4.117"]
[White "Rozanov, Pavel B."]
[Black "Gumirov, Konstantin L"]
[Result "1/2-1/2"]
[WhiteTitle "FM"]
[WhiteElo "2241"]
[BlackElo "1988"]
[WhiteFideId "4129270"]
[BlackFideId "4125061"]
[EventDate "2015.01.31"]

1. c4 e5 2. g3 h5 3. h4 Bc5 4. Nc3 c6 5. Nf3 d6 6. Bg2 Bg4 7. Ne4 Bb6 8. c5 Bxf3
9. Nxd6+ Qxd6 10. cxd6 Bxg2 11. Rg1 Bh3 12. d3 Nd7 13. Be3 Ba5+ 14. Bd2 Bb6 15.
Be3 Ba5+ 16. Bd2 Bb6 17. Be3 1/2-1/2

[Event "Moscow Open A 2015"]
[Site "Moscow RUS"]
[Date "2015.02.03"]
[Round "4.118"]
[White "Gkogkas, Dimitrios"]
[Black "Bolanos Lepere, Ulises"]
[Result "1/2-1/2"]
[WhiteElo "2175"]
[BlackElo "1946"]
[WhiteFideId "4200462"]
[BlackFideId "5109604"]
[EventDate "2015.01.31"]

1. d4 Nf6 2. Nf3 d6 3. Bf4 g6 4. e3 Bg7 5. h3 a6 6. Be2 Nbd7 7. O-O O-O 8. a4 c5
9. c3 Nd5 10. Bg3 N5f6 11. Nbd2 h6 12. a5 b5 13. axb6 Qxb6 14. Nc4 Qc7 15. Na5
Rb8 16. Qc2 Nb6 17. dxc5 Qxc5 18. Nd4 1/2-1/2

[Event "Moscow Open A 2015"]
[Site "Moscow RUS"]
[Date "2015.02.03"]
[Round "4.119"]
[White "Grishaev, Igor"]
[Black "Amangeldiyev, Gurbangeldi, "]
[Result "0-1"]
[WhiteElo "1938"]
[BlackElo "2153"]
[WhiteFideId "4197925"]
[BlackFideId "14002302"]
[EventDate "2015.01.31"]

1. d4 d5 2. Nf3 Nf6 3. c4 e6 4. g3 c6 5. Bg2 Bd6 6. Nbd2 O-O 7. O-O Nbd7 8. Qc2
Re8 9. e4 dxe4 10. Ng5 Bc7 11. Rd1 Qe7 12. Ndxe4 h6 13. Nxf6+ Nxf6 14. Nf3 a5
15. a4 c5 16. Re1 Ra6 17. Ra3 cxd4 18. Nxd4 Qc5 19. Nb5 Bb8 20. Be3 Qh5 21. Qe2
Qg6 22. Bd4 e5 23. Re3 Rae6 24. Bc3 Ng4 25. Re4 R6e7 26. Bxa5 f5 27. Rxg4 fxg4
28. Bb4 Rf7 29. Bd5 Be6 30. Rd1 e4 31. Rd4 Bxd5 32. cxd5 e3 33. fxe3 Rf3 34. d6
Rexe3 35. Qc4+ Kh7 36. Rxg4 Qb1+ 37. Kg2 Qxb2+ 38. Kh3 Rf2 39. Rf4 Rxh2+ 40. Kg4
h5+ 41. Kg5 Qe5+ 0-1

[Event "Moscow Open A 2015"]
[Site "Moscow RUS"]
[Date "2015.02.03"]
[Round "4.120"]
[White "Mamyrbay, Assad"]
[Black "Spirin, Alexandr"]
[Result "1-0"]
[WhiteElo "2152"]
[BlackElo "1943"]
[WhiteFideId "13708880"]
[BlackFideId "4187431"]
[EventDate "2015.01.31"]

1. e4 e5 2. Nf3 Nc6 3. Bb5 a6 4. Ba4 Nf6 5. O-O Be7 6. Re1 b5 7. Bb3 O-O 8. a4
b4 9. d4 d6 10. dxe5 dxe5 11. Nbd2 Bg4 12. h3 Bh5 13. Qe2 Nd4 14. Qe3 Bd6 15. a5
c5 16. Qd3 Kh8 17. Bc4 Qd7 18. c3 Ne6 19. Nf1 Qe7 20. Ng3 Rfd8 21. Nxh5 Nxh5 22.
Bxe6 Qxe6 23. Ng5 Qe7 24. Qc4 Ra7 25. Nf3 h6 26. Be3 Nf4 27. cxb4 Ne6 28. bxc5
Nxc5 29. b4 Ne6 30. Bxa7 Qxa7 31. Red1 Qb7 32. Rab1 Rc8 33. Qd5 Rc6 34. Nxe5
Bxe5 35. Qxe5 Rc2 36. Rbc1 Re2 37. Qd5 Qb8 38. Qd3 Rb2 39. Qc3 Kh7 40. Qxb2 Qf4
41. Qe2 Ng5 42. Qg4 1-0

[Event "Moscow Open A 2015"]
[Site "Moscow RUS"]
[Date "2015.02.03"]
[Round "4.121"]
[White "Selivanov, Ivan"]
[Black "Kruk, Ivan"]
[Result "1-0"]
[WhiteElo "2149"]
[BlackElo "1887"]
[WhiteFideId "24199060"]
[BlackFideId "13903497"]
[EventDate "2015.01.31"]

1. e4 e5 2. Nf3 Nc6 3. Bb5 a6 4. Ba4 d6 5. O-O Bd7 6. Re1 b5 7. Bb3 Na5 8. d4
Nxb3 9. axb3 f6 10. Nc3 g6 11. Nh4 b4 12. Na2 a5 13. f4 Bh6 14. fxe5 fxe5 15.
Nf3 Bxc1 16. Nxc1 Nh6 17. dxe5 O-O 18. Qd5+ Kh8 19. e6 Be8 20. e7 Qxe7 21. Qxa8
Kg7 22. Qd5 c6 23. Qg5 Qa7+ 24. Qe3 c5 25. h3 Qc7 26. Nd3 1-0